000 00746nam0a22002531 4500
001 RU\NLR\INFOCOMM\LIB\11701
005 20250617204959.0
035 _a(NLR Aleph) 004281731
090 _a2357258
_c2357258
100 _a20020121d1935 |||y0rusy50 ca
101 0 _afin
102 _aRU
105 _aa ||||000ay
200 1 _aUrheilumerkki TPV
_fS. Rinne
210 _aPetroskoi
_cValtion kustannusliike Kirja
_d1935
215 _a183, [1] с.
_cил.
_c18 см
541 0 _aЗначок физкультурника "Готов к труду и обороне"
700 1 _aRinne
_bS.
_4070
801 1 _aRU
_bInfoComm
_c20020121
801 0 _aRU
_bNLR
_gPSBO
852 _aNLR
_bН
_jФин/2-1384
942 _cBOOK
980 _aNB